Top20 Naruto caracters (crunchyroll) - Statistiques

Statistiques générales
  • Ce quiz a été pris 534 fois
  • Le résultat moyen est 14 sur 20
Statistiques - réponses
Hint Réponse % Correct
6 Naruto
100%
8 Sasuke
99%
5 Kakashi
96%
3 Sakura
95%
2 Itachi
93%
9 Madara
89%
1 Minato
88%
11 Obito
82%
13 Shikamaru
80%
10 Hinata
78%
16 Hashirama
73%
15 Gaara
72%
20 Rock Lee
71%
14 Tobirama
65%
18 Neji
64%
17 Deidara
50%
4 Shisui
47%
19 Sasori
44%
12 Jiraiya
19%
7 Sakumo
12%
Aucun quiz correspondant
Distribution des résultats
% des personnes avec chaque résultat
Percentile par nombre de réponses
Votre historique - résultats
Vous n’avez pas pris ce quiz